[Event "WchT Seniors 50"]
[Site "Struga"]
[Date "2023.09.27"]
[Round "8.4"]
[White "Bellia, Fabrizio"]
[Black "Thorhallsson, Throstur"]
[Result "0-1"]
[WhiteElo "2388"]
[BlackElo "2382"]
[PlyCount "80"]
[EventDate "2023.09.19"]
[EventType "team-swiss"]
[EventRounds "9"]
[EventCountry "MKD"]
[SourceTitle "EXT 2024"]
[Source "ChessBase"]
[SourceDate "2023.10.10"]
[SourceVersion "1"]
[SourceVersionDate "2023.10.10"]
[SourceQuality "1"]
[WhiteTeam "Italy 50"]
[BlackTeam "Iceland 50"]
[WhiteTeamCountry "ITA"]
[BlackTeamCountry "ISL"]

1. e4 c5 2. Nf3 Nc6 3. d4 cxd4 4. Nxd4 Nf6 5. Nc3 d6 6. Bg5 e6 7. Qd2 a6 8. 0-0-0 Bd7 9. Nxc6 Bxc6 10. f3 Be7 11. Kb1 Qc7 12. h4 0-0-0 13. h5 d5 14. Bd3 dxe4 15. fxe4 h6 16. Bh4 Bd6 17. Qe2 Be5 18. Be1 Rd4 19. Bd2 Rhd8 20. Rhe1 R4d6 21. Qf3 Be8 22. Ka1 Rb6 23. Rb1 Kb8 24. Nd1 Rc6 25. Ne3 Rd4 26. Rbd1 Rxd3 27. cxd3 Bxb2+ 28. Kb1 Rb6 29. Nc4 Be5+ 30. Kc1 Bb5 31. Ba5 Bxc4 32. Bxb6 Qxb6 33. Re2 Bb5 34. Qf2 Bd4 35. Qg3+ Ka7 36. Qf3 Ba4 37. Rdd2 Qc5+ 38. Rc2 Qa3+ 39. Kd1 Qxa2 40. Red2 Qb1+ 0-1

[Event "WchT Seniors 50"]
[Site "Struga"]
[Date "2023.09.22"]
[Round "4.4"]
[White "Stanojoski, Zvonko"]
[Black "Bellia, Fabrizio"]
[Result "1/2-1/2"]
[WhiteElo "2351"]
[BlackElo "2388"]
[PlyCount "69"]
[EventDate "2023.09.19"]
[EventType "team-swiss"]
[EventRounds "9"]
[EventCountry "MKD"]
[SourceTitle "EXT 2024"]
[Source "ChessBase"]
[SourceDate "2023.10.10"]
[SourceVersion "1"]
[SourceVersionDate "2023.10.10"]
[SourceQuality "1"]
[WhiteTeam "Macedonia Alkaloid 50"]
[BlackTeam "Italy 50"]
[WhiteTeamCountry "MKD"]
[BlackTeamCountry "ITA"]

1. e4 c6 2. d4 d5 3. exd5 cxd5 4. Bd3 Nc6 5. c3 Nf6 6. h3 g6 7. Nf3 Bf5 8. 0-0 Bxd3 9. Qxd3 Bg7 10. Bf4 0-0 11. Nbd2 a5 12. a4 Ne8 13. Qb5 Ra6 14. Rab1 e6 15. Rfe1 Nd6 16. Qd3 Ra8 17. g4 b6 18. Kg2 Qd7 19. Re2 Rac8 20. Qa6 Qb7 21. Qxb7 Nxb7 22. h4 Rfd8 23. h5 Nd6 24. Rh1 Ne8 25. hxg6 hxg6 26. Ne1 Nf6 27. f3 Nd7 28. Nd3 Re8 29. Rhe1 Bf6 30. Nb1 Be7 31. Rh1 Kg7 32. Bh6+ Kg8 33. Bf4 Kg7 34. Bh6+ Kg8 35. Bf4 1/2-1/2

[Event "EU-ch Seniors 50 22nd"]
[Site "Acqui Terme"]
[Date "2023.06.02"]
[Round "8"]
[White "Lacasa Diaz, Jose Antonio"]
[Black "Bellia, Fabrizio"]
[Result "1/2-1/2"]
[WhiteElo "2359"]
[BlackElo "2393"]
[PlyCount "31"]
[EventDate "2023.05.26"]
[EventType "swiss"]
[EventRounds "9"]
[EventCountry "ITA"]
[SourceTitle "CBM 214 Extra"]
[Source "ChessBase"]
[SourceDate "2023.07.31"]
[SourceVersion "1"]
[SourceVersionDate "2023.07.31"]
[SourceQuality "1"]

1. e4 e5 2. Nf3 Nc6 3. Bb5 a6 4. Ba4 Nf6 5. 0-0 Be7 6. Bxc6 dxc6 7. Re1 Nd7 8. d4 exd4 9. Qxd4 0-0 10. Bf4 Nc5 11. Qe3 Ne6 12. Bg3 c5 13. Na3 b5 14. Rad1 Qe8 15. Nh4 Bg5 16. Qf3 1/2-1/2

[Event "ITA-chT playoff 54th"]
[Site "Bacoli"]
[Date "2023.05.01"]
[Round "3"]
[White "Carnicelli, Valerio"]
[Black "Bellia, Fabrizio"]
[Result "1/2-1/2"]
[WhiteElo "2370"]
[BlackElo "2393"]
[PlyCount "61"]
[EventDate "2023.05.01"]
[EventType "team-tourn"]
[EventRounds "4"]
[EventCountry "ITA"]
[SourceTitle "CBM 213 Extra"]
[Source "ChessBase"]
[SourceDate "2023.05.31"]
[SourceVersion "1"]
[SourceVersionDate "2023.05.31"]
[SourceQuality "1"]
[WhiteTeam "Arrocco"]
[BlackTeam "Lazio Scacchi"]
[WhiteTeamCountry "ITA"]
[BlackTeamCountry "ITA"]

1. e4 e5 2. Nf3 Nc6 3. Bc4 Bc5 4. c3 Nf6 5. d4 exd4 6. e5 d5 7. Bb5 Ne4 8. cxd4 Bb6 9. Nc3 0-0 10. Be3 Bg4 11. h3 Bh5 12. Qc2 Bg6 13. Qb3 Ne7 14. 0-0 c6 15. Bd3 Nd2 16. Nxd2 Bxd3 17. Rfe1 Nf5 18. Na4 Ba6 19. Qc3 f6 20. Nxb6 axb6 21. Nf3 fxe5 22. Nxe5 Nd6 23. b3 Ne4 24. Qc2 Qd6 25. f3 Ng3 26. Bf2 Nh5 27. Rac1 Rac8 28. Qd2 c5 29. Rc3 c4 30. Rce3 Nf4 31. Bg3 1/2-1/2

[Event "Forni di Sopra op 13th"]
[Site "Forni di Sopra"]
[Date "2022.06.18"]
[Round "8"]
[White "Karttunen, Mika"]
[Black "Bellia, Fabrizio"]
[Result "1-0"]
[WhiteElo "2492"]
[BlackElo "2418"]
[PlyCount "203"]
[EventDate "2022.06.12"]
[EventType "swiss"]
[EventRounds "9"]
[EventCountry "ITA"]
[SourceTitle "EXT 2023"]
[Source "ChessBase"]
[SourceDate "2022.10.05"]
[SourceVersion "1"]
[SourceVersionDate "2022.10.05"]
[SourceQuality "1"]

1. d4 d5 2. c4 e6 3. Nc3 Nf6 4. cxd5 exd5 5. Bg5 c6 6. e3 h6 7. Bh4 Be7 8. Qc2 0-0 9. Bd3 Re8 10. Nge2 Nbd7 11. 0-0 a5 12. Rad1 b5 13. Nb1 Bb7 14. Nd2 b4 15. Rc1 a4 16. h3 Ra5 17. Qd1 c5 18. dxc5 Nxc5 19. Bb1 Ba6 20. Nf3 Nfe4 21. Bxe7 Qxe7 22. Ned4 Qd7 23. Re1 a3 24. Nb3 Nxb3 25. Qxb3 Qb7 26. Bxe4 dxe4 27. Nd4 axb2 28. Qxb2 Bd3 29. a3 Qa6 30. axb4 Ra2 31. Qb3 Ra8 32. Rc6 Qa3 33. Rec1 Qxb3 34. Nxb3 Rb2 35. Rc8+ Rxc8 36. Rxc8+ Kh7 37. Rc3 Bb5 38. Kh2 Rxf2 39. Nd4 Bd3 40. Rc7 Kg6 41. b5 Rb2 42. Rc6+ f6 43. b6 h5 44. h4 Bf1 45. Kg1 Bb5 46. Rd6 Kf7 47. Rd8 Be8 48. Rb8 Bd7 49. Kf1 Ke7 50. Ke1 Kd6 51. Kd1 Kc5 52. b7 Kd6 53. Kc1 Rb6 54. Rg8 Rxb7 55. Rxg7 Rb6 56. Rf7 Kc7 57. Rh7 Ra6 58. Rxh5 Ra1+ 59. Kb2 Rg1 60. Rc5+ Kd6 61. Rc2 Rh1 62. g3 Bg4 63. Rc6+ Ke7 64. Rc7+ Kf8 65. Nb5 Re1 66. Nd6 Rxe3 67. Rf7+ Kg8 68. Rxf6 Rxg3 69. Nxe4 Rg2+ 70. Kc3 Kg7 71. Rf4 Kg6 72. Nf6 Bf5 73. Nd5 Rg3+ 74. Kd4 Rg4 75. Ke5 Bd7 76. Rf6+ Kg7 77. Rd6 Ba4 78. Ne3 Rg6 79. Nf5+ Kh7 80. Rd2 Rc6 81. Rd7+ Kh8 82. Ra7 Bd1 83. Nd6 Rc2 84. Rd7 Bh5 85. Ne4 Re2 86. Kf4 Bg6 87. Nf6 Bb1 88. Rf7 Rf2+ 89. Kg5 Rb2 90. h5 Rb5+ 91. Kh6 Rb8 92. Nd7 Ra8 93. Rf6 Kg8 94. Ne5 Re8 95. Nd7 Ba2 96. Rg6+ Kf7 97. Rg7+ Ke6 98. Kg5 Re7 99. Nf8+ Kd6 100. Rg6+ Kd5 101. h6 Re5+ 102. Kf6 1-0

[Event "Forni di Sopra op 13th"]
[Site "Forni di Sopra"]
[Date "2022.06.13"]
[Round "2"]
[White "Bernadskiy, Vitaliy"]
[Black "Bellia, Fabrizio"]
[Result "1-0"]
[WhiteElo "2617"]
[BlackElo "2418"]
[PlyCount "71"]
[EventDate "2022.06.12"]
[EventType "swiss"]
[EventRounds "9"]
[EventCountry "ITA"]
[SourceTitle "EXT 2023"]
[Source "ChessBase"]
[SourceDate "2022.10.05"]
[SourceVersion "1"]
[SourceVersionDate "2022.10.05"]
[SourceQuality "1"]

1. c4 e6 2. Nc3 d5 3. d4 Nf6 4. cxd5 exd5 5. Bg5 c6 6. e3 h6 7. Bh4 Be7 8. Bd3 0-0 9. Nge2 Re8 10. 0-0 Nbd7 11. f3 a5 12. a4 b6 13. Bf2 Ba6 14. Bxa6 Rxa6 15. Ng3 c5 16. Qb3 cxd4 17. exd4 Nf8 18. Nf5 Bb4 19. Rfe1 Rxe1+ 20. Rxe1 Qd7 21. Qc2 Ra8 22. g4 Re8 23. Rxe8 Nxe8 24. Na2 Bd6 25. Qb3 h5 26. h3 hxg4 27. hxg4 Bf4 28. Qxd5 Qxa4 29. Ne7+ Kh7 30. Qxf7 Nf6 31. Nf5 Bh6 32. g5 Qd1+ 33. Kg2 Ng6 34. gxh6 Nf4+ 35. Kh2 N6h5 36. hxg7 1-0

[Event "ITA-chT Final 53rd"]
[Site "Montesilvano"]
[Date "2022.04.24"]
[Round "1.2"]
[White "Ladron de Guevara Pinto, Paolo"]
[Black "Bellia, Fabrizio"]
[Result "1-0"]
[WhiteElo "2430"]
[BlackElo "2428"]
[PlyCount "75"]
[EventDate "2022.04.24"]
[EventType "team-tourn"]
[EventRounds "4"]
[EventCountry "ITA"]
[SourceTitle "CBM 207 Extra"]
[Source "ChessBase"]
[SourceDate "2022.05.31"]
[SourceVersion "1"]
[SourceVersionDate "2022.05.31"]
[SourceQuality "1"]
[WhiteTeam "WorldtradingLab"]
[BlackTeam "Partenopea Senior"]
[WhiteTeamCountry "ITA"]
[BlackTeamCountry "ITA"]

1. e4 e5 2. Nf3 Nc6 3. Bb5 a6 4. Ba4 d6 5. c3 Bd7 6. 0-0 Nf6 7. Qe2 g6 8. d4 Bg7 9. dxe5 Nxe5 10. Nxe5 dxe5 11. Rd1 b5 12. Bc2 0-0 13. Be3 Qc8 14. a4 Qb7 15. f3 Be6 16. Nd2 c6 17. Bb3 Qe7 18. Bxe6 Qxe6 19. c4 Rab8 20. axb5 axb5 21. Ra6 Rfc8 22. cxb5 Rxb5 23. Qxb5 cxb5 24. Rxe6 fxe6 25. Ra1 Rc2 26. b3 Bf8 27. Ra8 Kf7 28. Ra7+ Kg8 29. Rb7 b4 30. Kf1 Rc3 31. Ke2 Nh5 32. g3 Nf6 33. Bg5 Ne8 34. Rb8 Kf7 35. Nc4 Bg7 36. Rxb4 h6 37. Bd2 Rc2 38. Ra4 1-0

[Event "EU-ch Seniors 50"]
[Site "Budoni"]
[Date "2021.09.28"]
[Round "3"]
[White "Peist, Juergen"]
[Black "Bellia, Fabrizio"]
[Result "1/2-1/2"]
[WhiteElo "2314"]
[BlackElo "2431"]
[PlyCount "81"]
[EventDate "2021.09.26"]
[EventType "swiss"]
[EventRounds "9"]
[EventCountry "ITA"]
[SourceTitle "EXT 2023"]
[Source "ChessBase"]
[SourceDate "2022.10.05"]
[SourceVersion "1"]
[SourceVersionDate "2022.10.05"]
[SourceQuality "1"]

1. c4 Nf6 2. Nc3 e5 3. Nf3 Nc6 4. e3 Bb4 5. Qc2 Bxc3 6. Qxc3 Qe7 7. Be2 0-0 8. d3 d5 9. cxd5 Nxd5 10. Qc2 Ndb4 11. Qc3 Bf5 12. e4 Bg4 13. Be3 Na6 14. a3 Bxf3 15. Bxf3 Rfd8 16. 0-0 Nd4 17. Bd1 Nc5 18. Kh1 Nce6 19. Bg4 c6 20. Rad1 g6 21. Bxe6 Qxe6 22. Rfe1 Rd7 23. f4 Rad8 24. h3 b6 25. fxe5 Qxe5 26. Bg1 c5 27. Bh2 Qe6 28. Bg3 h6 29. Bf2 a5 30. Be3 Kh7 31. Rd2 a4 32. Rf2 f5 33. Bxd4 cxd4 34. Qb4 Re8 35. Ree2 Qc6 36. exf5 Rxe2 37. fxg6+ Qxg6 38. Rxe2 Qxd3 39. Re7+ Rxe7 40. Qxe7+ Kg6 41. Qe6+ 1/2-1/2

[Event "Forni di Sopra op 12th"]
[Site "Forni di Sopra"]
[Date "2021.06.19"]
[Round "8"]
[White "Richter, Nils"]
[Black "Bellia, Fabrizio"]
[Result "1-0"]
[WhiteElo "2294"]
[BlackElo "2426"]
[PlyCount "109"]
[EventDate "2021.06.13"]
[EventType "swiss"]
[EventRounds "9"]
[EventCountry "ITA"]
[SourceTitle "EXT 2022"]
[Source "ChessBase"]
[SourceDate "2021.10.06"]
[SourceVersion "1"]
[SourceVersionDate "2021.10.06"]
[SourceQuality "1"]

1. c4 e5 2. Nc3 Nf6 3. Nf3 Nc6 4. e3 g6 5. d4 exd4 6. exd4 d6 7. h3 Bg7 8. Be2 0-0 9. 0-0 Re8 10. d5 Nb4 11. Re1 Ne4 12. Nxe4 Rxe4 13. Bg5 Qf8 14. Qd2 Na6 15. Bd3 Rxe1+ 16. Rxe1 Bd7 17. b4 Re8 18. Be3 Ra8 19. Rc1 Qe8 20. Nd4 c5 21. dxc6 bxc6 22. c5 dxc5 23. Bxa6 cxd4 24. Bxd4 Bxd4 25. Qxd4 Rb8 26. a3 Rb6 27. Bf1 Be6 28. Rc5 Qd7 29. Qxd7 Bxd7 30. Ra5 Rb7 31. f4 h5 32. Kf2 Kf8 33. Ke3 Ke7 34. Kd4 Kd6 35. Bc4 h4 36. Bxf7 Bxh3 37. gxh3 Rxf7 38. Ke4 Re7+ 39. Kf3 Re1 40. Kg4 Ke6 41. Kxh4 Kf6 42. Rxa7 Rg1 43. Rc7 Kf5 44. Rxc6 Kxf4 45. Rc4+ Kf5 46. Rg4 Rd1 47. a4 Rd3 48. a5 Ra3 49. Rg5+ Kf6 50. Kg4 Rd3 51. Rb5 Rd4+ 52. Kg3 Rd3+ 53. Kg2 Rd2+ 54. Kg1 Rd3 55. a6 1-0